Basic theosophy / (Record no. 124190)
[ view plain ]
| 000 -LEADER | |
|---|---|
| fixed length control field | 00631nam a22002297a 4500 |
| 005 - DATE AND TIME OF LATEST TRANSACTION | |
| control field | 20170124105936.0 |
| 010 ## - LIBRARY OF CONGRESS CONTROL NUMBER | |
| LC control number | A-108131 |
| 020 ## - INTERNATIONAL STANDARD BOOK NUMBER | |
| Terms of availability | 00.00 |
| International Standard Book Number | 0835675602 |
| 035 ## - SYSTEM CONTROL NUMBER | |
| System control number | A-108131 |
| 037 ## - SOURCE OF ACQUISITION | |
| Source of stock number/acquisition | Cen Lib/Ret |
| 040 ## - CATALOGING SOURCE | |
| Original cataloging agency | DPL |
| Language of cataloging | EN |
| 082 ## - DEWEY DECIMAL CLASSIFICATION NUMBER | |
| Classification number | 212 |
| Item number | HOD |
| 100 ## - MAIN ENTRY--PERSONAL NAME | |
| Personal name | Hodson, Geoffrey |
| 9 (RLIN) | 9715 |
| 245 ## - TITLE STATEMENT | |
| Title | Basic theosophy / |
| Statement of responsibility, etc | by Geoffrey Hodson |
| 246 ## - VARYING FORM OF TITLE | |
| Remainder of title | |
| 260 ## - PUBLICATION, DISTRIBUTION, ETC. (IMPRINT) | |
| Name of publisher, distributor, etc | The Theosophical Publishing house |
| Place of publication, distribution, etc | Adyar |
| Date of publication, distribution, etc | 1981 |
| 270 ## - ADDRESS | |
| City | Adyar |
| Postal code | 600020 |
| 300 ## - PHYSICAL DESCRIPTION | |
| Extent | x, 571p. |
| Dimensions | 21cm(Hb) |
| 650 ## - SUBJECT ADDED ENTRY--TOPICAL TERM | |
| Topical term or geographic name as entry element | Ancient wisdom |
| Geographic subdivision | |
| 9 (RLIN) | 9716 |
| 650 ## - SUBJECT ADDED ENTRY--TOPICAL TERM | |
| Topical term or geographic name as entry element | Theosophical society |
| 9 (RLIN) | 9717 |
| 942 ## - ADDED ENTRY ELEMENTS (KOHA) | |
| Source of classification or shelving scheme | Dewey Decimal Classification |
| Koha item type | English Books |
| Classification part | 212 |
| Call number suffix | HOD |
| Withdrawn status | Lost status | Damaged status | Not for loan | Home library | Current library | Date acquired | Source of acquisition | Cost, normal purchase price | Total Checkouts | Full call number | Barcode | Date last seen | Copy number | Cost, replacement price | Price effective from | Koha item type |
|---|---|---|---|---|---|---|---|---|---|---|---|---|---|---|---|---|
| Central Library | Central Library | 15/06/2015 | Cen Lib/Ret | 0.00 | 212 HOD | A-108131 | 15/06/2015 | 1 | 0.00 | 15/06/2015 | English Books |
